Tarahumara (Record no. 158732)

MARC details
000 -LEADER
fixed length control field 00627nam a22001937a 4500
005 - DATE AND TIME OF LATEST TRANSACTION
control field 20211109125532.0
008 - FIXED-LENGTH DATA ELEMENTS--GENERAL INFORMATION
fixed length control field 211109b mx ||||| |||| 00| 0 spa d
020 ## - INTERNATIONAL STANDARD BOOK NUMBER
International Standard Book Number 9786075167756
050 04 - LIBRARY OF CONGRESS CALL NUMBER
Classification number F1221.T25
Item number S33 2014
100 1# - MAIN ENTRY--PERSONAL NAME
Personal name Schalkwijk, Bob
245 10 - TITLE STATEMENT
Title Tarahumara
Statement of responsibility, etc / Bob Schalkwijk.
250 ## - EDITION STATEMENT
Edition statement 1a ed.
260 ## - PUBLICATION, DISTRIBUTION, ETC. (IMPRINT)
Place of publication, distribution, etc México :
Name of publisher, distributor, etc Consejo Nacional para la Cultura y las Artes,
Date of publication, distribution, etc 2014
300 ## - PHYSICAL DESCRIPTION
Extent 167 p. :
Other physical details il. ;
Dimensions 28 cm.
504 ## - BIBLIOGRAPHY, ETC. NOTE
Bibliography, etc Incluye índice
650 #7 - SUBJECT ADDED ENTRY--TOPICAL TERM
Source of heading or term lemb
Topical term or geographic name as entry element Indios Tarahumaras
General subdivision Vida social,
650 #7 - SUBJECT ADDED ENTRY--TOPICAL TERM
Source of heading or term lemb
Topical term or geographic name as entry element Indios Tarahumaras
General subdivision Costumbres, obras pictóricas
942 ## - ADDED ENTRY ELEMENTS (KOHA)
Source of classification or shelving scheme Biblioteca del Cogreso de los Estados Unidos
Koha item type Libro
Holdings
Estado de pérdida Fuente de clasificación Estado del daño No para préstamo Ubicación permanente Ubicación actual Apartado o colección Fecha de adquisición Fuente de adquisición Edición Área del conocimiento Clasificación Código de Barras Date last seen Número de copia Costo por reposición Tipo de recurso
  Biblioteca del Cogreso de los Estados Unidos     Biblioteca de la Facultad de Bellas Artes Biblioteca de la Facultad de Bellas Artes General 09/11/2021 Unidad Académica 1a ed. Educación y Humanidades F1221.T25 S33 2014 BBA000002796 09/11/2021 1 290.00 Libro